00813nam a2200169 450000500170000000800440001702000180006105000210007924501260010025000240022626001750025030000490042565000100047465100590048465100540054370000460059720250408131500.0250408b mx |||||||| |||| 00| 0 spa d a978607976297104aHC135 bE78 202103aLa estrategia económico social en México en la tercera década del siglo XXIc/ Arturo Oropeza García, coordinador aPrimera edición.  aMéxico : bUniversidad Autonóma de México : Instituto de Investigaciones Jurídicas : Instituto para el Desarrollo Industrial y el Crecimiento Económico, c2021. a 277 páginas :bilustraciones. ; c23 cm.  2lemb  72lemb aMéxico vCondiciones económicas ySiglo XXI 72lemb aMéxicoxCondiciones sociales ySiglo XXI1 a Oropeza García, Arturo,ecoordinador.